| 000 | 00504nam a22001937a 4500 | ||
|---|---|---|---|
| 003 | OSt | ||
| 005 | 20160627150947.0 | ||
| 008 | 160627b xxu||||| |||| 00| 0 eng d | ||
| 020 | _a0471214809 | ||
| 040 | _cDNLM. | ||
| 082 | _aQVC767j 2004. | ||
| 100 |
_aLI,Jie-Jack. _9284 |
||
| 245 | _aContemporary Drug Synthesis. | ||
| 260 |
_aUK. _bWiley-Interscience. _c2004. |
||
| 300 |
_axv,221p; _bill; _c25cm, |
||
| 504 | _aincludes index and references. | ||
| 650 |
_aBiochemistry. _9443 |
||
| 942 |
_2z _cO_SHELF |
||
| 999 |
_c4489 _d4489 |
||